|
|
|
|
| LEADER |
00000nam0a2200000 4500 |
| 001 |
373680 |
| 005 |
20231102012604.0 |
| 010 |
|
|
|a 5030014365
|
| 035 |
|
|
|a (RuTPU)RU\TPU\retro\31110
|
| 035 |
|
|
|a RU\TPU\book\225066
|
| 090 |
|
|
|a 373680
|
| 100 |
|
|
|a 20221216d1990 km y0rusy50 ca
|
| 101 |
1 |
|
|a rus
|c eng
|
| 102 |
|
|
|a RU
|
| 105 |
|
|
|a a z 001zy
|
| 200 |
1 |
|
|a Статистическая термодинамика неравновесных процессов
|e пер. с англ.
|f Д. Кайзер
|
| 210 |
|
|
|a Москва
|c Мир
|d 1990
|
| 215 |
|
|
|a 608 с.
|c ил.
|
| 320 |
|
|
|a Библиография в конце глав.
|
| 320 |
|
|
|a Предметный указатель: с. 602-604.
|
| 606 |
1 |
|
|a Неравновесные процессы
|x Статистическая термодинамика
|2 stltpush
|3 (RuTPU)RU\TPU\subj\72227
|9 85795
|
| 610 |
1 |
|
|a физика
|
| 610 |
1 |
|
|a неравновесная термодинамика
|
| 610 |
1 |
|
|a статистические методы
|
| 610 |
1 |
|
|a стационарные состояния
|
| 610 |
1 |
|
|a механическая теория
|
| 610 |
1 |
|
|a необратимые процессы
|
| 610 |
1 |
|
|a стохастические процессы
|
| 675 |
|
|
|a 536.755
|v 3
|
| 700 |
|
1 |
|a Кайзер
|b Д.
|g Джоэл
|
| 801 |
|
1 |
|a RU
|b 63413507
|c 20120111
|
| 801 |
|
2 |
|a RU
|b 63413507
|c 20221216
|g RCR
|
| 942 |
|
|
|c BK
|